Library of the University of Algiers 3
Ibrahim Sultan Cheibout
شعار جامعة الجزائر 3
مكتبة جامعة الجزائر 3
إبراهيم سلطان شيبوط

المدخل الى القانون : (رقم التسجيلة. 45403)

تفاصيل مارك
000 -LEADER
fixed length control field 01080nam a2200217Ia 4500
003 - CONTROL NUMBER IDENTIFIER
control field Ost
005 - DATE AND TIME OF LATEST TRANSACTION
control field 20260507075641.0
008 - FIXED-LENGTH DATA ELEMENTS--GENERAL INFORMATION
fixed length control field 260507s9999||||xx |||||||||||||| ||und||
040 ## - CATALOGING SOURCE
Transcribing agency fsecg
041 ## - LANGUAGE CODE
Language code of text/sound track or separate title ara
082 ## - DEWEY DECIMAL CLASSIFICATION NUMBER
Classification number 340
100 ## - MAIN ENTRY--PERSONAL NAME
Personal name منصور، محمد حسين
Relator term مؤلف
245 #0 - TITLE STATEMENT
Title المدخل الى القانون :
Remainder of title القاعدة القانونية- نظرية الحق /
Statement of responsibility, etc. محمد حسين منصور
260 ## - PUBLICATION, DISTRIBUTION, ETC.
Place of publication, distribution, etc. الإسكندرية:
Name of publisher, distributor, etc. الدار الجامعية,
Date of publication, distribution, etc. 2000
300 ## - PHYSICAL DESCRIPTION
Extent 488 صفحة؛
Other physical details إيضاحات ؛
Dimensions 24 سم
520 ## - SUMMARY, ETC.
Summary, etc. ماهية الحق، وجود الحق، مكانة الحق في النظام القانوني المعاصر- طبائع الحقوق وتقسيماتها، أنواع الحقوق- الاشياء محل الحق- ميلاد الحق وحمايته، الشخصية القانونية، الشخص المعنوي أو الإعتباري
653 ## - INDEX TERM--UNCONTROLLED
Uncontrolled term القاعدة القانونية
653 ## - INDEX TERM--UNCONTROLLED
Uncontrolled term القانون
700 ## - ADDED ENTRY--PERSONAL NAME
Personal name قاسم، محمد حسين
Relator term مؤلف ثانوي
942 ## - ADDED ENTRY ELEMENTS (KOHA)
Koha item type كتب
المقتنيات
Withdrawn status Lost status Source of classification or shelving scheme Damaged status Not for loan Home library Current library Date acquired Serial enumeration / chronology Inventory number Total checkouts Full call number Barcode Date last seen Price effective from Koha item type
    Dewey Decimal Classification   NOT LOAN / إعارة داخلية مكتبة كلية العلوم الإقتصادية والعلوم التجارية وعلوم التسيير مكتبة كلية العلوم الإقتصادية والعلوم التجارية وعلوم التسيير 07/05/2026 الطابق الأرضي 912/1   أ/912ن1 912/1 07/05/2026 07/05/2026 كتب

موارد الويب المفتوحة


© University of Algiers 3 All Rights Reserved
|
Implemented by LECHELAH Riad